<?xml version="1.0" encoding="UTF-8"?>
<record
    xmlns:xsi="http://www.w3.org/2001/XMLSchema-instance"
    xsi:schemaLocation="http://www.loc.gov/MARC21/slim http://www.loc.gov/standards/marcxml/schema/MARC21slim.xsd"
    xmlns="http://www.loc.gov/MARC21/slim">

  <leader>01824nam0a2200421   4500</leader>
  <controlfield tag="001">RU\NLR\BIBL_A\011495923</controlfield>
  <controlfield tag="005">20260405234800.0</controlfield>
  <datafield tag="010" ind1=" " ind2=" ">
    <subfield code="a">9785001010883</subfield>
  </datafield>
  <datafield tag="021" ind1=" " ind2=" ">
    <subfield code="a">RU</subfield>
    <subfield code="b">2017-69686</subfield>
    <subfield code="9">4948</subfield>
  </datafield>
  <datafield tag="035" ind1=" " ind2=" ">
    <subfield code="a">(RuMoRGB)009393453</subfield>
  </datafield>
  <datafield tag="035" ind1=" " ind2=" ">
    <subfield code="a">(NLR Aleph) 011495923</subfield>
  </datafield>
  <datafield tag="090" ind1=" " ind2=" ">
    <subfield code="a">11971578</subfield>
    <subfield code="c">11971578</subfield>
  </datafield>
  <datafield tag="100" ind1=" " ind2=" ">
    <subfield code="a">20171013d2017    u  y0rusy50      ca</subfield>
  </datafield>
  <datafield tag="101" ind1="1" ind2=" ">
    <subfield code="a">rus</subfield>
    <subfield code="c">eng</subfield>
  </datafield>
  <datafield tag="102" ind1=" " ind2=" ">
    <subfield code="a">RU</subfield>
  </datafield>
  <datafield tag="105" ind1=" " ind2=" ">
    <subfield code="a">a   z   000zy</subfield>
  </datafield>
  <datafield tag="200" ind1="1" ind2=" ">
    <subfield code="a">&#x422;&#x435;&#x43E;&#x440;&#x438;&#x438; &#x432;&#x441;&#x435;&#x433;&#x43E; &#x43D;&#x430; &#x441;&#x432;&#x435;&#x442;&#x435;</subfield>
    <subfield code="f">&#x41D;&#x430;&#x441;&#x441;&#x438;&#x43C; &#x422;&#x430;&#x43B;&#x435;&#x431;, &#x414;&#x436;&#x430;&#x440;&#x435;&#x434; &#x414;&#x430;&#x439;&#x43C;&#x43E;&#x43D;&#x434;, &#x420;&#x438;&#x447;&#x430;&#x440;&#x434; &#x414;&#x43E;&#x43A;&#x438;&#x43D;&#x437;, &#x424;&#x440;&#x438;&#x43C;&#x435;&#x43D; &#x414;&#x430;&#x439;&#x441;&#x43E;&#x43D; [&#x438; &#x434;&#x440;.]</subfield>
    <subfield code="g">&#x43F;&#x43E;&#x434; &#x440;&#x435;&#x434;. &#x414;&#x436;&#x43E;&#x43D;&#x430; &#x411;&#x440;&#x43E;&#x43A;&#x43C;&#x430;&#x43D;&#x430;</subfield>
    <subfield code="g">[&#x43F;&#x435;&#x440;&#x435;&#x432;&#x43E;&#x434; &#x441; &#x430;&#x43D;&#x433;&#x43B;&#x438;&#x439;&#x441;&#x43A;&#x43E;&#x433;&#x43E; &#x41D;&#x438;&#x43A;&#x43E;&#x43B;&#x430;&#x44F; &#x41C;&#x430;&#x439;&#x441;&#x443;&#x440;&#x44F;&#x43D;&#x430; &#x438; &#x410;&#x43B;&#x435;&#x43A;&#x441;&#x435;&#x44F; &#x41A;&#x430;&#x43F;&#x430;&#x43D;&#x430;&#x434;&#x437;&#x435;]</subfield>
  </datafield>
  <datafield tag="205" ind1=" " ind2=" ">
    <subfield code="a">3-&#x435; &#x438;&#x437;&#x434;.</subfield>
  </datafield>
  <datafield tag="210" ind1=" " ind2=" ">
    <subfield code="a">&#x41C;&#x43E;&#x441;&#x43A;&#x432;&#x430;</subfield>
    <subfield code="c">&#x41B;&#x430;&#x431;&#x43E;&#x440;&#x430;&#x442;&#x43E;&#x440;&#x438;&#x44F; &#x437;&#x43D;&#x430;&#x43D;&#x438;&#x439;</subfield>
    <subfield code="d">2017</subfield>
    <subfield code="d">(&#x43C;&#x430;&#x43A;&#x435;&#x442; 2018)</subfield>
  </datafield>
  <datafield tag="215" ind1=" " ind2=" ">
    <subfield code="a">400 &#x441;.</subfield>
    <subfield code="c">&#x438;&#x43B;.</subfield>
    <subfield code="d">22</subfield>
  </datafield>
  <datafield tag="225" ind1="1" ind2=" ">
    <subfield code="a">Universum</subfield>
  </datafield>
  <datafield tag="300" ind1=" " ind2=" ">
    <subfield code="a">&#x417;&#x430;&#x433;&#x43B;. &#x43E;&#x440;&#x438;&#x433;.: This explains everything</subfield>
  </datafield>
  <datafield tag="320" ind1=" " ind2=" ">
    <subfield code="a">&#x411;&#x438;&#x431;&#x43B;&#x438;&#x43E;&#x433;&#x440;. &#x432; &#x43F;&#x43E;&#x434;&#x441;&#x442;&#x440;&#x43E;&#x447;. &#x43F;&#x440;&#x438;&#x43C;&#x435;&#x447;.</subfield>
  </datafield>
  <datafield tag="333" ind1=" " ind2=" ">
    <subfield code="a">16+</subfield>
  </datafield>
  <datafield tag="454" ind1=" " ind2="0">
    <subfield code="1">2001#$aThis explains everything</subfield>
    <subfield code="t">This explains everything</subfield>
  </datafield>
  <datafield tag="606" ind1="1" ind2=" ">
    <subfield code="a">&#x41D;&#x430;&#x443;&#x447;&#x43D;&#x43E;-&#x43F;&#x43E;&#x43F;&#x443;&#x43B;&#x44F;&#x440;&#x43D;&#x430;&#x44F; &#x43B;&#x438;&#x442;&#x435;&#x440;&#x430;&#x442;&#x443;&#x440;&#x430;</subfield>
    <subfield code="j">&#x421;&#x431;&#x43E;&#x440;&#x43D;&#x438;&#x43A;&#x438;</subfield>
    <subfield code="9">1713164</subfield>
    <subfield code="3">RU\NLR\AUTH\66763730</subfield>
  </datafield>
  <datafield tag="610" ind1="0" ind2=" ">
    <subfield code="a">&#x43D;&#x430;&#x443;&#x447;&#x43D;&#x44B;&#x435; &#x442;&#x435;&#x43E;&#x440;&#x438;&#x438;</subfield>
  </datafield>
  <datafield tag="686" ind1=" " ind2=" ">
    <subfield code="a">&#x42E;251.4,0</subfield>
    <subfield code="2">rubbk</subfield>
  </datafield>
  <datafield tag="686" ind1="1" ind2=" ">
    <subfield code="a">&#x42F;9</subfield>
  </datafield>
  <datafield tag="701" ind1=" " ind2="1">
    <subfield code="8">rus</subfield>
    <subfield code="7">ca</subfield>
    <subfield code="a">&#x422;&#x430;&#x43B;&#x435;&#x431;</subfield>
    <subfield code="b">&#x41D;. &#x41D;.</subfield>
    <subfield code="f">1960-</subfield>
    <subfield code="g">&#x41D;&#x430;&#x441;&#x441;&#x438;&#x43C; &#x41D;&#x438;&#x43A;&#x43E;&#x43B;&#x430;&#x441;</subfield>
    <subfield code="3">RU\NLR\AUTH\77108416</subfield>
    <subfield code="9">91341</subfield>
  </datafield>
  <datafield tag="701" ind1=" " ind2="1">
    <subfield code="a">&#x414;&#x430;&#x439;&#x43C;&#x43E;&#x43D;&#x434;</subfield>
    <subfield code="b">&#x414;.</subfield>
    <subfield code="f">1937-</subfield>
    <subfield code="g">&#x414;&#x436;&#x430;&#x440;&#x435;&#x434;</subfield>
  </datafield>
  <datafield tag="701" ind1=" " ind2="1">
    <subfield code="a">&#x414;&#x43E;&#x43A;&#x438;&#x43D;&#x437;</subfield>
    <subfield code="b">&#x420;.</subfield>
    <subfield code="f">1941-</subfield>
    <subfield code="g">&#x420;&#x438;&#x447;&#x430;&#x440;&#x434;</subfield>
  </datafield>
  <datafield tag="701" ind1=" " ind2="1">
    <subfield code="7">ca</subfield>
    <subfield code="8">rus</subfield>
    <subfield code="a">&#x414;&#x430;&#x439;&#x441;&#x43E;&#x43D;</subfield>
    <subfield code="b">&#x424;.</subfield>
    <subfield code="f">1923-</subfield>
    <subfield code="g">&#x424;&#x440;&#x438;&#x43C;&#x435;&#x43D;</subfield>
    <subfield code="9">166076</subfield>
    <subfield code="3">RU\NLR\AUTH\770166123</subfield>
  </datafield>
  <datafield tag="702" ind1=" " ind2="1">
    <subfield code="a">&#x411;&#x440;&#x43E;&#x43A;&#x43C;&#x430;&#x43D;</subfield>
    <subfield code="b">&#x414;.</subfield>
    <subfield code="g">&#x414;&#x436;&#x43E;&#x43D;</subfield>
    <subfield code="4">340</subfield>
  </datafield>
  <datafield tag="942" ind1=" " ind2=" ">
    <subfield code="c">BOOK</subfield>
  </datafield>
  <datafield tag="980" ind1=" " ind2=" ">
    <subfield code="a">NBR</subfield>
  </datafield>
</record>
